UM Logo

Sentimental Ice Cream/ (Record no. 7298)

MARC details
000 -LEADER
fixed length control field 00804nam a22001937a 4500
008 - FIXED-LENGTH DATA ELEMENTS--GENERAL INFORMATION
fixed length control field 170816b xxu||||| |||| 00| 0 eng d
082 ## - DEWEY DECIMAL CLASSIFICATION NUMBER
Edition number 2016
Classification number UT 0853
Item number B32
100 ## - MAIN ENTRY--PERSONAL NAME
9 (RLIN) 22169
Personal name Bautista, Erica L.
245 ## - TITLE STATEMENT
Title Sentimental Ice Cream/
Statement of responsibility, etc. Erica L. Bautista, Diane Kimberly M. Crispino, Sharlen R. Espino, Ronell Christian S. Lee, Aileen Mae P. Maglasang and Cristel J. Sabandal.
260 ## - PUBLICATION, DISTRIBUTION, ETC. (IMPRINT)
Place of publication, distribution, etc. Digos City:
Name of publisher, distributor, etc. UMDC
Date of publication, distribution, etc. October 2016.
300 ## - PHYSICAL DESCRIPTION
Extent 49 pages;
Dimensions 30 cm.
650 #0 - SUBJECT ADDED ENTRY--TOPICAL TERM
9 (RLIN) 22176
Topical term or geographic name as entry element Business Administration
Form subdivision Marketing Management
General subdivision Undergraduate thesis.
700 ## - ADDED ENTRY--PERSONAL NAME
9 (RLIN) 22171
Personal name Crispino Diane Kimberly M.
700 ## - ADDED ENTRY--PERSONAL NAME
9 (RLIN) 22172
Personal name Espino, Sharlen R.
700 ## - ADDED ENTRY--PERSONAL NAME
9 (RLIN) 22173
Personal name Lee, Ronell Christian S.
700 ## - ADDED ENTRY--PERSONAL NAME
9 (RLIN) 22174
Personal name Maglasang, Aileen Mae P.
700 ## - ADDED ENTRY--PERSONAL NAME
9 (RLIN) 22175
Personal name Sabandal, Cristel J.
942 ## - ADDED ENTRY ELEMENTS (KOHA)
Source of classification or shelving scheme Dewey Decimal Classification
Koha item type Undergraduate Thesis
Holdings
Withdrawn status Lost status Source of classification or shelving scheme Damaged status Not for loan Collection code Home library Current library Date acquired Total Checkouts Full call number Barcode Date last seen Copy number Price effective from Koha item type
    Dewey Decimal Classification     Undergraduate Theses UM Digos College - LIC UM Digos College - LIC 04/24/2017   UT 0853 B32 UT0853 08/16/2017 1 08/16/2017 Undergraduate Thesis